NBA 2012 Playoffs Starters - Statistics

General Stats
  • This quiz has been taken 885 times
    845 since last reset
  • The average score is 52 of 80
Answer Stats
Team Player % Correct
Heat Dwyane Wade
98%
Heat LeBron James
98%
Pacers David West
96%
Mavericks Delonte West
96%
Lakers Kobe Bryant
96%
Spurs Tim Duncan
96%
Thunder Kevin Durant
95%
Celtics Ray Allen
95%
Thunder Russell Westbrook
95%
Spurs Tony Parker
95%
Heat Chris Bosh
94%
Celtics Kevin Garnett
94%
Grizzlies Marc Gasol
94%
Lakers Pau Gasol
94%
Celtics Paul Pierce
94%
Grizzlies Tony Allen
94%
Knicks Carmelo Anthony
93%
Clippers Chris Paul
93%
Bulls Joakim Noah
93%
Clippers Blake Griffin
92%
Mavericks Dirk Nowitzki
92%
Pacers Paul George
92%
Celtics Rajon Rondo
92%
Jazz Josh Howard
90%
Clippers DeAndre Jordan
88%
Grizzlies Mike Conley
88%
Spurs Kawhi Leonard
86%
Heat Mario Chalmers
86%
Thunder Kendrick Perkins
84%
Thunder Serge Ibaka
83%
Mavericks Jason Kidd
82%
Knicks Tyson Chandler
79%
Grizzlies Zach Randolph
79%
Spurs Danny Green
76%
Hawks Josh Smith
76%
Hawks Jeff Teague
73%
Lakers Andrew Bynum
72%
Bulls Carlos Boozer
72%
Pacers Roy Hibbert
72%
Hawks Joe Johnson
71%
Bulls Luol Deng
71%
Pacers George Hill
69%
Heat Shane Battier
68%
76ers Andre Iguodala
67%
Clippers Caron Butler
67%
Lakers Ron Artest
67%
Knicks Amar'e Stoudemire
66%
Jazz Paul Millsap
66%
Thunder Thabo Sefolosha
60%
Magic Jameer Nelson
59%
Spurs Boris Diaw
57%
Pacers Danny Granger
55%
Mavericks Shawn Marion
55%
76ers Jrue Holiday
54%
Magic Hedo Türkoğlu
53%
Hawks Kirk Hinrich
48%
Nuggets Ty Lawson
47%
Nuggets Danilo Gallinari
45%
Grizzlies Rudy Gay
44%
Knicks Baron Davis
43%
Magic Glen Davis
43%
Jazz Gordon Hayward
43%
Nuggets Kenneth Faried
42%
Jazz Al Jefferson
34%
Jazz Devin Harris
31%
Celtics Brandon Bass
30%
76ers Elton Brand
30%
76ers Evan Turner
30%
Nuggets Arron Afflalo
27%
Magic Ryan Anderson
26%
Magic Jason Richardson
24%
76ers Spencer Hawes
20%
Bulls Richard Hamilton
19%
Knicks Landry Fields
17%
Nuggets Timofey Mozgov
15%
Mavericks Brendan Haywood
14%
Hawks Jason Collins
14%
Lakers Ramon Sessions
13%
Bulls C.J. Watson
12%
Clippers Randy Foye
9%
No matching quizzes found
Score Distribution
Percent of People with Each Score
Percentile by Number Answered
Your Score History
You have not taken this quiz since the last reset